000 00732nam a22002177a 4500
003 UA-OsUOA
001 97180
007 ta
008 20130327b un ||||| |||| 00| 0 ukr d
100 _aАвременко О.
090 _a82
_bА21
942 _cSA
040 _aUA-OsUOA
_bukr
_cUA-OsUOA
_dUA-OsUOA
245 _aЛітературний диктант як засіб вивчення рівня навчальних досягнень учнів
300 _aС.23-28
955 _a0
041 _aukr
080 _a82
773 0 _w97177
_tУкраїнська мова й література в сучасній школі
_dК.
_d2013
_g3
650 7 _a82 Література. Літературознавство
_2UDC
999 _c383432
_d383432